MARC details
| 000 -CABECERA |
| campo de control de longitud fija |
01509nam a22003377a 4500 |
| 003 - IDENTIFICADOR DEL NÚMERO DE CONTROL |
| campo de control |
DO-SdBNP |
| 005 - FECHA Y HORA DE LA ÚLTIMA TRANSACCIÓN |
| campo de control |
20250204073952.0 |
| 006 - CÓDIGOS DE INFORMACIÓN DE LONGITUD FIJA--CARACTERÍSTICAS DEL MATERIAL ADICIONAL |
| campo de control de longitud fija |
a||||gr|||| 00| 0 |
| 007 - CAMPO FIJO DE DESCRIPCIÓN FÍSICA--INFORMACIÓN GENERAL |
| campo de control de longitud fija |
ta |
| 008 - DATOS DE LONGITUD FIJA--INFORMACIÓN GENERAL |
| campo de control de longitud fija |
210914e2011 dr ||||gr|||| 001 p spa d |
| 020 ## - NÚMERO INTERNACIONAL ESTÁNDAR DEL LIBRO |
| Número Internacional Estándar del Libro |
9789945404500 |
| 040 ## - FUENTE DE LA CATALOGACIÓN |
| Centro catalogador/agencia de origen |
DO-SdBNP |
| Lengua de catalogación |
spa |
| Centro/agencia transcriptor |
BNPHU |
| Normas de descripción |
rda |
| 082 #4 - NÚMERO DE LA CLASIFICACIÓN DECIMAL DEWEY |
| Número de edición |
22 |
| Número de documento/Ítem |
L453d |
| 100 1# - ENTRADA PRINCIPAL--NOMBRE DE PERSONA |
| Nombre de persona |
Lebrón Saviñon, Mariano |
| Fechas asociadas al nombre |
1922-2014 |
| Término indicativo de función/relación |
autor |
| 9 (RLIN) |
7227 |
| 245 10 - MENCIÓN DE TÍTULO |
| Título |
Desde un prado luminoso : |
| Resto del título |
obra poética completa / |
| Mención de responsabilidad, etc. |
Mariano Lebrón Saviñón; Manuel Rueda, prólogo |
| 246 14 - FORMA VARIANTE DE TÍTULO |
| Título propio/Titulo breve |
Desde un prado luminoso : |
| Resto del título |
poesía completa |
| 260 ## - PUBLICACIÓN, DISTRIBUCIÓN, ETC. |
| Lugar de publicación, distribución, etc. |
Santo Domingo : |
| Nombre del editor, distribuidor, etc. |
Ministerio de Cultura, |
| -- |
Nacional, |
| Fecha de publicación, distribución, etc. |
2011 |
| 264 #1 - PRODUCCIÓN, PUBLICACIÓN, DISTRIBUCIÓN, FABRICACIÓN Y COPYRIGHT |
| Producción, publicación, distribución, fabricación y copyright |
Santo Domingo : |
| Nombre del de productor, editor, distribuidor, fabricante |
Editorial Nacional, |
| Fecha de producción, publicación, distribución, fabricación o copyright |
2011 |
| 300 ## - DESCRIPCIÓN FÍSICA |
| Extensión |
412 páginas ; |
| Dimensiones |
23 cm |
| 336 ## - TIPO DE CONTENIDO |
| Fuente |
rdacontent |
| Término de tipo de contenido |
texto |
| Código de tipo de contenido |
txt |
| 337 ## - TIPO DE MEDIO |
| Fuente |
rdamedia |
| Nombre/término del tipo de medio |
sin mediación |
| Código del tipo de medio |
n |
| 338 ## - TIPO DE SOPORTE |
| Fuente |
rdacarrier |
| Nombre/término del tipo de soporte |
volumen |
| Código del tipo de soporte |
nc |
| 500 ## - NOTA GENERAL |
| Nota general |
Incluye biografía del autor en las solapas de las cubiertas. |
| 505 ## - NOTA DE CONTENIDO CON FORMATO |
| Título |
Tiempo en la Tierra.-- |
| -- |
La poesía sorprendida.-- |
| -- |
Sonámbulo sin sueños.-- |
| -- |
Pastos de estrellas.-- |
| -- |
En fría soledad claustral.-- |
| -- |
Tiempo en la Tierra.-- |
| -- |
Otros poemas.-- |
| -- |
Elegías absurdas.-- |
| -- |
Otras elegías absurdas.-- |
| -- |
Otros poemas.-- |
| -- |
Última cosecha.-- |
| -- |
Vuelta al ayer.-- |
| -- |
Bajo la cruz del sueño. |
| 590 ## - NOTA LOCAL (RLIN) |
| Nota local |
Inventariado 2024 / MF |
| 650 #4 - PUNTO DE ACCESO ADICIONAL DE MATERIA--TÉRMINO DE MATERIA |
| Término de materia o nombre geográfico como elemento de entrada |
Literatura dominicana |
| 9 (RLIN) |
79863 |
| 650 #4 - PUNTO DE ACCESO ADICIONAL DE MATERIA--TÉRMINO DE MATERIA |
| Término de materia o nombre geográfico como elemento de entrada |
Poesía dominicana |
| 9 (RLIN) |
79864 |
| 650 #0 - PUNTO DE ACCESO ADICIONAL DE MATERIA--TÉRMINO DE MATERIA |
| Término de materia o nombre geográfico como elemento de entrada |
Poetas dominicanos |
| 9 (RLIN) |
21058 |
| 700 12 - PUNTO DE ACCESO ADICIONAL--NOMBRE DE PERSONA |
| 9 (RLIN) |
22834 |
| Nombre de persona |
Rueda, Manuel, |
| Fechas asociadas al nombre |
1921-1999 |
| Término indicativo de función/relación |
prólogo |
| 942 ## - ELEMENTOS DE PUNTO DE ACCESO ADICIONAL (KOHA) |
| Fuente del sistema de clasificación o colocación |
Dewey Decimal Classification |
| Tipo de ítem Koha |
Libro |